|
|
|
|
| LEADER |
00000cam a2200000 c 4500 |
| 001 |
092043267 |
| 003 |
DE-627 |
| 005 |
20240926100911.0 |
| 007 |
tu |
| 008 |
060101s1695 xx ||||| 00| ||lat c |
| 024 |
7 |
|
|a VD17 14:008900R
|2 vd17
|
| 026 |
|
|
|e r-r- e-m. n-s. qude C 1695A
|2 fei
|
| 035 |
|
|
|a (DE-627)092043267
|
| 035 |
|
|
|a (DE-576)9092043265
|
| 035 |
|
|
|a (DE-599)GBVVDS001443038
|
| 035 |
|
|
|a (OCoLC)932997746
|
| 035 |
|
|
|a (VD17)001443038
|
| 040 |
|
|
|a DE-627
|b ger
|c DE-627
|e rakwb
|
| 041 |
|
|
|a lat
|
| 100 |
1 |
|
|0 (DE-588)11862220X
|0 (DE-627)133775631
|0 (DE-576)209132892
|4 aut
|a Thomasius, Christian
|d 1655-1728
|
| 109 |
|
|
|a Fromhold, Attila Friedrich 1655-1728
|a Erdmann, Hector G. 1655-1728
|a Erdmann, Hector Gottfried 1655-1728
|a Andersohn-Holsati, Jakob 1655-1728
|a Andersohn, Jakob 1655-1728
|a Erdmann, Hektor Gottfried 1655-1728
|a Thomasius, Christ. 1655-1728
|a Thomasus, Christianus 1655-1728
|a Attilas, Friedrich Frommhold 1655-1728
|a Ander, Jacob 1655-1728
|a Thomasius, Christianus 1655-1728
|a Thomasius, Christian 1655-1728
|a Thomasianus, Christus 1655-1728
|a Freudenhoefer, Franz Dietrich 1655-1728
|a Freudenhöfer, Franz Dietrich 1655-1728
|a Thomasus, Christus 1655-1728
|a Freudenhöfer, Frantz Dietrich 1655-1728
|a Thomasius, Ch. 1655-1728
|a Thomasen, Christian 1655-1728
|a Thomasianus, Christianus 1655-1728
|a Freudenhoeffer, Franz Dietrich 1655-1728
|a Andersohn, Jacob 1655-1728
|a Thomasius, Chretien 1655-1728
|a Erdmannen, Hector Gottfried 1655-1728
|a Thomasianus, Christian 1655-1728
|a Thomasianus 1655-1728
|a Thomas, Christian 1655-1728
|a Thomasius, Cristianus 1655-1728
|a Thomasio, Christian 1655-1728
|a Frommhold, Attila Friedrich 1655-1728
|a Frommhold, Attila F. 1655-1728
|
| 245 |
1 |
0 |
|a Christiani Thomasii JCti Confessio Doctrinae suae
|
| 246 |
1 |
|
|i Ansetzungssachtitel
|a Confessio Doctrinae suae
|
| 264 |
|
1 |
|a [S.l.]
|c 1695
|
| 300 |
|
|
|a [16] Bl., [1] gef. Bl
|c 8°
|
| 336 |
|
|
|a Text
|b txt
|2 rdacontent
|
| 337 |
|
|
|a ohne Hilfsmittel zu benutzen
|b n
|2 rdamedia
|
| 338 |
|
|
|a Band
|b nc
|2 rdacarrier
|
| 500 |
|
|
|a Schlüsselseiten aus dem Exemplar der SLUB Dresden: 3.A.10027,angeb.6
|
| 601 |
|
|
|a Confessio
|
| 856 |
4 |
1 |
|u http://digital.slub-dresden.de/id393805808
|x Digitalisierung
|z // 2013 digitalisiert von꞉ SLUB Dresden. Exemplar mit der Signatur꞉ Op.var.853,misc.6
|z kostenfrei
|3 Volltext
|7 0
|
| 935 |
|
|
|a FBGO
|a mteo
|
| 951 |
|
|
|a BO
|
| ELC |
|
|
|b 1
|
| LOK |
|
|
|0 000 xxxxxcx a22 zn 4500
|
| LOK |
|
|
|0 001 458354507X
|
| LOK |
|
|
|0 003 DE-627
|
| LOK |
|
|
|0 004 092043267
|
| LOK |
|
|
|0 005 20250130085901
|
| LOK |
|
|
|0 008 240926||||||||||||||||ger|||||||
|
| LOK |
|
|
|0 040
|a DE-Tue135
|c DE-627
|d DE-Tue135
|
| LOK |
|
|
|0 092
|o n
|
| LOK |
|
|
|0 852
|a DE-Tue135
|
| LOK |
|
|
|0 852 1
|9 00
|
| LOK |
|
|
|0 866
|x SPQUE#Forschungsbibliothek Gotha#SPSAM#Bestand Theologie (bis 2024-03)
|
| LOK |
|
|
|0 935
|a FBGO
|a goth
|
| LOK |
|
|
|0 939
|a 26-09-24
|b l01
|
| OAS |
|
|
|a 1
|
| ORI |
|
|
|a SA-MARC-ixtheoa001.raw
|